| 000 | 00934nam a22002177a 4500 | ||
|---|---|---|---|
| 005 | 20100806104449.0 | ||
| 010 | _aENG-98710 | ||
| 020 |
_c350.00 _a97888181712257 |
||
| 035 | _aEN-82242 | ||
| 037 | _bDBAD/PUB | ||
| 082 | _a591.05 | ||
| 100 |
_aMandal, G. P. _97913 |
||
| 245 |
_aRecords of the Zoological Survey of India : _cby G. P. Mandal [and] A. K. Hazara _ba diversity of collembola (Hexapoda) from east and North-East India with some notes on their ecology / |
||
| 260 |
_aKolkata _bZoological Survey of India _c2009 |
||
| 270 |
_a234/4 A. J. C. Bose Road, 2nd MSO Building, Nizam Palace(13rd Floor) _bKolkata _e700020 |
||
| 300 |
_a206 p. : _c20 cm. (Pbk) _bill. |
||
| 500 | _aIncludes bibliographical references | ||
| 700 | _97380 | ||
| 942 |
_2ddc _cEN _h591.05 _mMAN |
||
| 999 |
_c39829 _d39829 |
||